000 00461nam a2200145Ia 4500
003 OSt
005 20260227142253.0
008 211028s2018 xx 000 0 und d
040 _cAIMIT LIBRARY
041 _aeng
100 _aPinto, Vijeth Joyen; Rose, Swapna.
_g1716219
_98192
245 _aStudy on non performing assets with special reference to Mangalore Catholic Co-Operative Bank Ltd /
260 _aMangaluru
_bT Ramesh Kamath
_c2018
942 _2ddc
_cPRO
999 _c219760
_d219760